Comentario a los evangelios sinópticos / (Record no. 189291)

MARC details
000 -LEADER
campo de control de longitud fija 00816nam a2200229 i 4500
001 - NÚMERO DE CONTROL
campo de control 189291
003 - IDENTIFICADOR DE NÚMERO DE CONTROL
campo de control SpMaBN
005 - FECHA Y HORA DE LA ÚLTIMA TRANSACCIÓN
campo de control 20230906223435.0
008 - DATOS DE LONGITUD FIJA--INFORMACIÓN GENERAL
campo de control de longitud fija 190521s1972 sp |||| | spa d
080 ## - NÚMERO DE LA CLASIFICACIÓN DECIMAL UNIVERSAL
Número de la Clasificación Decimal Universal 226.1.07
100 1# - ENTRADA PRINCIPAL--NOMBRE DE PERSONA
Nombre de persona Troadec, Henry.
9 (RLIN) 111471
245 10 - MENCIÓN DEL TÍTULO
Título Comentario a los evangelios sinópticos /
Mención de responsabilidad, etc. Henry Troadec ; [traducción española, Constantino Ruiz-Garrido, José María Bernáldez Montalvo].
260 ## - PUBLICACIÓN, DISTRIBUCIÓN, ETC.
Lugar de publicación, distribución, etc. Madrid :
Nombre del editor, distribuidor, etc. Fax,
Fecha de publicación, distribución, etc. [1972]
300 ## - DESCRIPCIÓN FÍSICA
Extensión XXVII, 589 p. ;
Dimensiones 23 cm.
490 1# - MENCIÓN DE SERIE
Mención de serie Actualidad bíblica ;
Designación de volumen o secuencia 17
630 07 - PUNTO DE ACCESO ADICIONAL DE MATERIA--TÍTULO UNIFORME
Título uniforme Biblia.
Nombre de parte o sección de la obra N.T.
-- Evangelios-
Subdivisión de forma Comentarios.
9 (RLIN) 165796
700 1# - ENTRADA AGREGADA--NOMBRE PERSONAL
Nombre de persona Ruiz-Garrido, Constantino.
9 (RLIN) 100816
700 1# - ENTRADA AGREGADA--NOMBRE PERSONAL
Nombre de persona Bernáldez Montalvo, José María.
9 (RLIN) 153063
830 0# - PUNTO DE ACCESO ADICIONAL DE SERIE-TÍTULO UNIFORME
Título uniforme Actualidad bíblica ;
Designación de volumen o secuencia 17
9 (RLIN) 193281
852 ## - LOCALIZACIÓN
Ubicación ES-MaACL
Número de control de estantería J-9(16)
Holdings
Estatus retirado Estado de pérdida Estado de daño No para préstamo Biblioteca de origen Biblioteca actual Ubicación en estantería Fecha de adquisición Fuente de adquisición Total de préstamos Signatura topográfica completa Código de barras Visto por última vez Precio de reemplazo Tipo de ítem Koha
        Biblioteca del Ateneo de Madrid Biblioteca del Ateneo de Madrid Depósito 2 21/05/2019     J-9(16) 1200555 23/02/2023 23/02/2023 Libro impreso